Statistiques concernant Emblèmes de pays n°1

Cliquez ici pour prendre le quiz!

Statistiques générales

  • Ce quiz a été pris 19 879 fois
    (19 784 depuis la dernière actualisation)
  • Le résultat moyen est 11 sur 16

Statistiques - réponses

Réponse% Correct
Corée du Sud
95%
Etats-Unis
90%
Espagne
88%
Allemagne
86%
Islande
85%
Belgique
84%
Chine
84%
Mexique
77%
Argentine
76%
Népal
76%
Israël
67%
Iran
49%
Irlande
44%
Afghanistan
38%
République Démocratique du Congo
37%
Japon
25%

Distribution des résultats

Percentile par nombre de réponses

% des personnes avec chaque résultat

Votre développement - résultats

Vous n’avez pas pris ce quiz depuis la dernière actualisation